Quang học

Wedi'i Gadw mewn:
Manylion Llyfryddiaeth
Prif Awdur: Huỳnh Huệ
Fformat: Llyfr
Iaith:Undetermined
Cyhoeddwyd: Hà Nội Giáo Dục 1981
Pynciau:
Tagiau: Ychwanegu Tag
Dim Tagiau, Byddwch y cyntaf i dagio'r cofnod hwn!
Thư viện lưu trữ: Trung tâm Học liệu Trường Đại học Cần Thơ
LEADER 00447nam a2200181Ia 4500
001 CTU_2576
008 210402s9999 xx 000 0 und d
082 |a 535 
082 |b H507 
100 |a Huỳnh Huệ 
245 0 |a Quang học 
245 0 |c Huỳnh Huệ 
260 |a Hà Nội 
260 |b Giáo Dục 
260 |c 1981 
650 |a optics 
904 |i Minh, 960827 
980 |a Trung tâm Học liệu Trường Đại học Cần Thơ